| 000 | 01825cas a22004693a 4500 | ||
|---|---|---|---|
| 001 | 10687673 | ||
| 005 | 20090605131700.0 | ||
| 008 | 880321s2007maugr |rf 001 0 eng d | ||
| 010 |
_asc 88035004 _zsn 84007214 |
||
| 016 | 7 |
_a8210809 _2DNLM |
|
| 016 | 7 |
_aSR0052494 _2DNLM |
|
| 020 | _a0763740454 | ||
| 020 | _a9780763740450 | ||
| 022 | 0 |
_a0748-920X _21 |
|
| 035 | _a(OCoLC)ocm11027635 | ||
| 040 |
_aNSD _cNSD _dNLM _dNSD _dNST _dDLC _dIUL _dNSD _dNST _dIUL _dNST _dIUL _dOCL _dIUL |
||
| 042 |
_ansdp _alc |
||
| 050 | 1 | 4 |
_aRT51 _b.G67 |
| 060 | 0 | 0 |
_aWY 39 _bM294 |
| 082 | 1 | 0 |
_a610 _222 _bGOR |
| 100 | 1 |
_aGordon, Marjory. _923527 |
|
| 245 | 1 | 0 |
_aManual of Nursing Diagnosis : _bIncluding all diagnostic categories approved by the North American Nursing Diagnosis Association / _cMarjory Gordon. |
| 250 | _a11th ed. | ||
| 260 |
_aSudbury, MA : _bJones and bartlett pub., 2007 _c2007 |
||
| 300 |
_a398 p. : _bill. ; _c15 cm. |
||
| 310 | _aBiennial | ||
| 362 | 0 | _a[1982]- | |
| 500 | _aIncludes index | ||
| 515 | _aVol. for 1984-1985 preceded by unnumbered, undated vol. issued in 1982. | ||
| 590 | _aSelection Decision based on 1986-1987 | ||
| 590 | _aTitle from title page. | ||
| 650 | 0 |
_aDiagnosis _vHandbooks, manuals, etc. _923528 |
|
| 650 | 0 |
_aNursing _vHandbooks, manuals, etc. _923529 |
|
| 650 | 0 |
_aNursing assessment _vHandbooks, manuals, etc. _923530 |
|
| 650 | 2 |
_aDiagnosis _vHandbooks. _923531 |
|
| 650 | 2 |
_aNursing Assessment _vHandbooks. _923532 |
|
| 650 | 2 |
_aNursing Process _vHandbooks. _923533 |
|
| 653 |
_bNUR _cApril2011 |
||
| 942 |
_2ddc _cNRB |
||
| 999 |
_c15229 _d15229 |
||